[Event "YUG-ch"]
[Site "Novi Sad"]
[Date "1995.??.??"]
[Round "?"]
[White "Drasko, Milan"]
[Black "Abramovic, Bosko"]
[Result "1/2-1/2"]
[WhiteElo "2510"]
[BlackElo "2520"]
[Annotator "Hansen,Cu"]
[PlyCount "128"]
[EventDate "1995.02.??"]
[EventType "tourn"]
[EventRounds "17"]
[EventCountry "YUG"]
[EventCategory "10"]
[SourceTitle "CBM 049"]
[Source "ChessBase"]
[SourceDate "1995.12.01"]
[SourceVersion "1"]
[SourceVersionDate "1995.12.01"]
[SourceQuality "1"]

1. d4 {Hecht} Nf6 2. c4 e6 3. Nc3 Bb4 4. Qc2 O-O 5. a3 Bxc3+ 6. Qxc3 b6 7. Nf3
Bb7 8. e3 d6 9. Be2 (9. b3 Nbd7 10. Bb2 a6 (10... Ne4 11. Qc2 f5 12. Bd3 a5 (
12... Ng5 13. d5 Nc5 14. b4 Nxd3+ 15. Qxd3 exd5 (15... e5 16. Nd2 f4 17. exf4
Rxf4 18. h4 Nf7 19. g3 Rf6 20. Ne4 Rf5 21. Bc1 Qd7 22. g4 Rf4 23. Bxf4 exf4 24.
Ng5 Re8+ 25. Kd2 {1-0 Ree,H-Douven,R/Amsterdam OHRA-B 1989}) 16. cxd5 f4 17. h4
Nxf3+ 18. gxf3 fxe3 19. fxe3 Rf7 20. O-O-O c6 21. Rhg1 cxd5 22. Rxg7+ Rxg7 23.
Bxg7 Rc8+ 24. Bc3 $16 {Bouwmeester-Rittner/cr 1987}) (12... Rf6 13. d5 $5 Rg6
14. Nd4 (14. dxe6 Rxe6 $2 15. Nd4 $16) (14. Bxe4 fxe4 15. Qxe4 Nc5 $17) 14...
Ndc5 15. Bf1 exd5 16. cxd5 f4 $17 {Liebowitz,EE-Tears,CF/cr 6 North American
Inv Ch CCYB 9/315 1989}) (12... Qe8 13. O-O Qh5 14. d5 $5 exd5 15. Nd4 Ne5 16.
Be2 Qg6 17. f3 Nc5 18. cxd5 Bxd5 19. Rad1 $44 {Bareev,E-Timman,J/Tilburg 53/
534 1991 (59)}) (12... Ndf6 13. O-O Qe7 14. Nd2 Nxd2 15. Qxd2 Ne4 $6 (15... c5
$10) 16. Qe2 c5 17. f3 Nf6 (17... Ng5 $5) 18. b4 Rac8 19. Rab1 Rc7 20. Rfd1 $14
{Bareev,E-Karpov,An/Linares 57/531 1993}) (12... Qe7 13. O-O Rae8 14. Rad1 Rf6
15. d5 Rg6 16. Bxe4 fxe4 17. Qxe4 Nc5 18. Qc2 exd5 19. cxd5 Rf8 20. Kh1 Rxf3
21. gxf3 Qf7 $17 {Langeweg,Kick-Lobron,Eric/Donner op (08) 1995}) 13. O-O Ng5
14. Nxg5 Qxg5 15. f4 Qg6 16. d5 Nc5 17. Rf3 Qe8 18. Rg3 Rf7 19. Qc3 Qe7 20.
dxe6 Nxe6 21. Qc2 $16 {Bouwmeester-Hyldkrog/cr 1986 (41)}) (10... c5 11. Be2
cxd4 12. Nxd4 e5 13. Nf3 Nc5 14. O-O Rc8 15. Nd2 Qe7 16. f3 h6 17. Rfd1 Ne6 18.
Nf1 Rfd8 19. Rd2 b5 20. Qb4 Nc5 21. cxb5 Nd5 22. Qc4 Nb6 23. Qb4 Nd5 24. Qc4 {
1/2-1/2 Gabriel,C-Hracek,Z/Altensteig (09) ;CBM 49_08 1995}) 11. Be2 Ne4 12.
Qc2 f5 13. O-O Ng5 14. Ne1 f4 {Hulak,K-Van der Wiel,J/Wijk 35/(631) 1983}) (9.
Bd3 Nbd7 10. O-O Qe7 (10... e5 $5 11. Bf5 Qe7 (11... e4 12. Nd2 Re8 13. b4 Qe7
14. Bb2 $14 {/\ d5, Rae1, f3 /^a1-g7}) 12. b4 g6 $6 (12... Be4 $1 13. Bh3 Bxf3
14. gxf3 Nh5 $1 {/\ f5} 15. Bxd7 Qxd7 16. dxe5 Qh3 $10) 13. Bc2 $1 (13. Bh3 Ne4
{/\ f5=/+ ץh3}) (13. Bxd7 Nxd7 $10) 13... Bxf3 $5 14. gxf3 c5 15. dxc5 (15.
Bb2 cxd4 16. exd4 Nh5) 15... dxc5 16. Bb2 Qe6 17. Bd3 Qh3 18. Be2 Rfe8 19. Rad1
Re6 20. Kh1 $1 (20. Rd2 g5 $1 {/\ Ne4, Rh6-+}) 20... Qh4 21. Qe1 $1 {/\ Rg1-g3}
a5 22. b5 Rd8 $5 23. Rg1 Ne8 {Xu,Jun-Rodriguez,Am/Luzern 48/721 1989 (40)} 24.
Rd2 $14) (10... c5 11. b4 (11. b3 Rc8 12. Bb2 cxd4 13. exd4 Bxf3 14. gxf3 Nh5
15. Qd2 Qf6 $17 {Raeber,M-Wirthensohn,H/Zuerich op 1993 (28)}) 11... cxd4 12.
Nxd4 Ne5 13. Be2 Rc8 14. Qb3 $14 {Kozul,Zdenko-Jukic,Mirko/Cetinje tt (01)
1990/}) (10... Ne4 11. Qc2 f5 12. Nd2 Qh4 13. f3 Ng5 14. Rf2 Rf6 15. Nf1 Rg6
16. Kh1 Rf8 17. Qe2 e5 $15 {Sieglen,J-Luther,M/Godesburg 1993 (40)}) 11. b4 c5
(11... e5) 12. Bb2 cxd4 13. Qxd4 Rfd8 14. Qh4 h6 15. Rfd1 Rac8 16. Rac1 {
+/= Chekhova,T-Dautov,R/Rostock 40/(701) 1985}) 9... Nbd7 (9... Ne4 10. Qc2 f5
11. b3 Nd7 12. Bb2 Qe7 13. O-O Rae8 (13... Rf7 14. Rad1 Raf8 15. d5 e5 16. b4
g5 17. Bd3 Ndf6 18. Ne1 g4 19. f3 gxf3 20. gxf3 Ng5 $13 {Johansen,D-Teo,KS/
Dubai olm (05) 1986 (34)}) 14. Ne1 Qh4 15. d5 Ndf6 16. Rd1 Qh6 17. Bxf6 Qxf6
$15 {Savon,V-Gurevich,V/URS-OT56 Uzhgorod 1988 (42)}) (9... c5 10. O-O Qe7 11.
dxc5 dxc5 12. b3 Ne4 13. Qc2 Nd7 14. Bb2 e5 15. Rfd1 Rad8 16. Nd2 Nef6 17. Nf1
Rfe8 18. Ng3 $14 {Dragomarezkij,E-Kholmov,R/Moscow4 1991 (42)}) 10. O-O Qe7 (
10... c5 11. b3 (11. b4 Rc8 12. dxc5 bxc5 13. b5 Ne4 14. Qc2 f5 15. a4 Rf6 16.
Ne1 $2 Rh6 $40 {Sarmiento,B-Kurajica,B/Las Palmas-B(5) 1994 (30)}) 11... Qe7 (
11... Qc7 12. Bb2 Rac8 13. Rac1 Be4 14. Nd2 Bg6 15. d5 $14 {Kumaran,D-Votava,J/
Matinhos WJC 1994 (40)}) (11... Re8 12. Bb2 Qc7 13. Nd2 e5 14. d5 b5 15. Bd3
bxc4 16. bxc4 Ba6 17. Qc2 Rab8 18. Bc3 $14 {Kumaran,Dharshan-Taylor,P/Hastings
Masters (02) 1995}) 12. Bb2 Rac8 13. Rfd1 (13. Rad1 d5 $1 14. dxc5 Nxc5 15. Qe5
(15. Qb4 $5) 15... Rfd8 (15... Nxb3 $2 16. cxd5 {/\} Bxd5 17. Rxd5 $18) 16. Nd4
(16. cxd5 Bxd5 $10 {Karpov,An}) 16... Qf8 $1 $15 17. f3 dxc4 18. Bxc4 Bd5 19.
Bxd5 {1/2-1/2 Timman,J-Karpov,An/Jakarta (m/21) 59/(581) 1993} (19. Nf5 $6 Ncd7
20. Qg3 Bxc4 21. Rxd7 exf5 $17) (19. Bxd5 Nxd5 $17)) 13... Rfe8 14. Rac1 a6 15.
b4 {1/2-1/2 Meduna,E-Lechtynsky,J/Augsburg 1989}) (10... Ne4 11. Qd3 f5 12. b4
Qf6 13. Bb2 Rae8 14. Qc2 Qg6 15. Rad1 Ndf6 16. d5 Ng4 $13 {Gurevic M.-Salov,
1988}) 11. b4 c5 (11... e5 12. dxe5 dxe5 13. Bb2 Rfe8 14. Rfd1 a5 15. Nd2 c5
16. bxa5 Rxa5 17. f3 $14 {Shariazdanov,A-Lugovoi,A/URS-chJ Alma-Ata 1991}) 12.
dxc5 bxc5 13. b5 Ne4 14. Qc2 f5 15. Bb2 e5 16. Nd2 (16. Ne1 Qg5 17. Qd3 Rf6 18.
f3 Rg6 19. Rd1 Re8 $17 {Forintos,Gy-Schneider,L. A/Reykjavik 33/666 1982 (30)})
16... Ng5 {[%cal Yb7h1] /^a8-h1} 17. f3 f4 {[%csl Rd4,Re3] ><e3,><d4} 18. Qc3
Ne6 $15 19. Rae1 Rf6 {[%csl Rh2][%cal Yf6h6,Ye7h4] /\Rh6,Qh4,קh2} 20. Bd3 Raf8
(20... Rh6 $5 21. Rf2 Qh4 22. Nf1) 21. Be4 Bxe4 22. fxe4 {[%csl Rh2][%cal
Yd2f3,Yf3h2]} (22. Nxe4 Rh6 {[%csl Rh2][%cal Ye7h4,Yh4h2] /\Qh4 ->}) 22... Nb6
{[%csl Gb6,Rb2,Rc4] קc4,ץb2} 23. Bc1 fxe3 24. Rxf6 Rxf6 25. Qxe3 Nd4 {
[%cal Yd4c2] /\Nd4} 26. Qd3 Rg6 (26... Qf7 $5 {[%cal Yf7c4,Yf7f2] /^f7-c4,<->f}
) 27. Re3 Qe6 {[%cal Ye6g4,Yg4g2,Yg4d1] /\Qg4} 28. h3 h6 29. Bb2 Na4 30. Bxd4
$6 (30. Bc1) 30... cxd4 31. Rf3 Nc5 $17 {[%csl Gc5,Rc4,Re4] קe4,קc4} 32. Qf1
{[%cal Yf3f8]} Qe7 33. Kh2 Kh7 (33... Qg5 34. Qf2) 34. Qf2 Qg5 35. Kh1 Rf6 $5
36. Rxf6 gxf6 37. h4 Qg6 {[%csl Rc4,Re4,Rh4]} 38. Qf3 {[%cal Yg2g4] /\g2-g4} h5
{[%csl Rg4][%cal Yh6c1] ><g4,/^h6-c1} 39. Kg1 Qh6 40. Qf5+ Kg7 41. Nf1 Qg6 (
41... d3 $5 42. Qf3 (42. Qf2 Qg6 43. Nd2) 42... d2 $19 {[%cal Yc5e4] /\Nxe4})
42. Qxg6+ Kxg6 {Hecht: S-S bei je 6 Bauern zentrale schwarze Freibauern vs
weißen entfernten Freibauern am D-Flügel; später : S - 3 Bauern} 43. Ng3 Na4
44. Kf2 $8 (44. Nf5 Nb2 45. Nxd6 d3 $19) 44... Nb2 45. Nf5 Nxc4 46. a4 d5 (
46... d3 {Hecht} 47. Ne7+ Kf7 48. Nc6 d2 49. Ke2 Nb2 50. Kxd2 Nxa4 51. Nxa7 $10
) 47. Ne7+ Kf7 48. Nxd5 Nd2 49. a5 Nxe4+ 50. Ke2 {[%cal Yb5b6,Ya7b6,Ya5a6] /
\51.b6 axb6 52.a6} Nd6 (50... Nc5 51. a6 {[%cal Yb5b6]}) 51. Nc7 {[%csl Rf7]} (
51. b6 axb6 52. a6 Nb5 $17) 51... e4 52. b6 d3+ 53. Kf2 axb6 54. a6 $10 Nc8 (
54... Nc4 $2 55. Nd5 $18) 55. Nb5 Ke6 56. Ke3 f5 57. a7 Nxa7 58. Nxa7 f4+ 59.
Kd2 Kd5 (59... Kf5 60. Nc8 (60. Nb5 Kg4 61. Nd6 f3 62. gxf3+ Kxf3 63. Nf5 Kf2
64. Ne3 b5 $19) 60... b5 61. Nd6+ $10) 60. Kc3 Ke5 61. Nb5 Kf5 62. Nd6+ Ke5 63.
Nc4+ Kf5 64. Nd6+ Ke5 {dynamisches Gleichgewicht} 1/2-1/2

[Event "Sarajevo Bosnia 28th"]
[Site "Sarajevo"]
[Date "1998.06.02"]
[Round "5"]
[White "Bareev, Evgeny"]
[Black "Piket, Jeroen"]
[Result "1/2-1/2"]
[WhiteElo "2675"]
[BlackElo "2575"]
[Annotator "Hansen,LB"]
[PlyCount "54"]
[EventDate "1998.05.29"]
[EventType "tourn"]
[EventRounds "9"]
[EventCountry "BIH"]
[EventCategory "15"]
[SourceTitle "CBM 066"]
[Source "ChessBase"]
[SourceDate "1998.09.30"]
[SourceVersion "1"]
[SourceVersionDate "1998.09.30"]
[SourceQuality "1"]

1. d4 {Golod,V} Nf6 2. c4 e6 3. Nc3 Bb4 4. Qc2 O-O 5. a3 Bxc3+ 6. Qxc3 Ne4 $5 {
This move has often been played by de Firmian and I. Sokolov. Black counters
White's two Bs through healthy play in the centre and particularly the
diagonal h1-a8.} 7. Qc2 f5 8. g3 (8. Nh3 b6 (8... d6 9. f3 Nf6 10. e3 e5 11.
dxe5 dxe5 12. Nf2 a5 13. b3 Nc6 14. Bb2 f4 $5 15. Rd1 Qe7 16. exf4 exf4+ 17.
Be2 Re8 18. Rd2 $13 {Ziegler,A-Gavrikov,V/Gothenburg/1998}) 9. f3 Nf6 10. e3
Bb7 11. Bd3 Nc6 12. O-O Qe8 13. b4 a5 14. b5 Ne7 15. Bb2 $14 {Nikolov,S-Cebalo,
M/Bled open/1998}) 8... b6 9. Bg2 Bb7 10. Nf3 Nf6 $1 {Allowing the white
squared B on b7 free line of fire.} (10... d6 {Golod,V} 11. O-O (11. Ng5 $5 Qf6
12. O-O) 11... Nc6 12. b4 Qe7 13. Bb2 a5 14. b5 Nd8 15. a4 Nf7 16. Ba3 e5 17.
e3 $14 {1-0 Jakab,A-Papa,S/Eu Youth bu14, Mureck AUT 1998 (36)}) (10... Qc8 {
Golod,V} 11. O-O d6 12. b4 Nd7 13. Bb2 Ndf6 14. c5 Qe8 15. Rac1 Rc8 $13 {
0-1 Halldor,P-Yee,L/Int Open 1998 (36)}) 11. b4 (11. Bg5 $5 Be4 12. Qd2 Qe8 13.
Rc1 d6 14. Bxf6 Rxf6 15. O-O Nd7 16. b4 e5 $14 {Atalik,S-Xu Yuhua/Beijing/1997}
) (11. O-O Qe8 (11... Be4 {Golod,V} 12. Qc3 (12. Qd1 a5 13. b3 Nc6 14. Bb2 Ne7
15. Rc1 h6 16. Qd2 Qb8 17. Rfd1 a4 18. b4 d6 19. b5 Qe8 20. Ne1 Bxg2 21. Nxg2
Ng6 22. Qd3 Nh7 23. f4 Nf6 24. d5 Ne4 25. dxe6 Qxe6 26. Qd4 Rf7 $13 {0-1
Onischuk,A-Kurajica,B/Moscow olm 1994 (53)}) (12. Qd2 a5 13. b3 Nc6 14. Bb2 Ne7
15. a4 h6 16. Rfd1 d6 17. Ba3 Ng6 18. b4 axb4 19. Bxb4 Ra6 20. a5 Qa8 21. Bc3
Rb8 22. axb6 Rbxb6 23. h3 Rb3 24. Rdc1 Nd7 25. Rxa6 Qxa6 26. Ba5 Qb7 27. Qd1
Ra3 28. Ra1 Rxa1 29. Qxa1 c5 30. dxc5 Nxc5 31. Bc3 e5 $11 {1/2-1/2 Sadler,
M-Wells,P/Isle of Man op 1995 (71)}) 12... Qe8 (12... d6 13. b4 (13. Bh3 Qe8
14. Ng5 Bb7 15. Qe3 Ne4 16. Bg2 Qg6 17. Nxe4 Bxe4 18. Bxe4 fxe4 19. f3 $14 (19.
Qg5 Qxg5 20. Bxg5 Nc6 21. Be3 a5 $11 {0-1 Alzate,D-Rodriguez,A/Erevan olm 1996
(50)})) 13... Nbd7 14. Rd1 Qe8 15. Bf1 $5 h6 (15... Bb7 $142) 16. Ne1 Bb7 17.
f3 a5 $1 18. Nd3 $1 (18. b5 $6 e5 19. dxe5 Qxe5 $15) (18. Bb2 b5 $1 19. cxb5
Nd5 20. Qd2 axb4 21. axb4 f4 22. Rxa8 Bxa8 23. Ng2 Qg6 $44) 18... axb4 19. axb4
b5 $5 (19... Rxa1 20. Qxa1 Qa8 21. Bd2 Qxa1 22. Rxa1 Ra8 23. Rxa8+ Bxa8 24. b5
$14) 20. Rxa8 Qxa8 21. Nf4 $1 (21. cxb5 Qa4 22. Nb2 (22. Re1 Nd5 23. Qb2 Qxb5
$10) 22... Qxb5 23. e4 Qc6) 21... Qa4 22. Re1 bxc4 (22... e5 23. dxe5 Nxe5 (
23... dxe5 24. Ne6 (24. Nd3 $1 $14) 24... Re8 $1) 24. cxb5 (24. c5 g5 25. cxd6
cxd6 26. Ne6 Rc8 27. Qd4 Bd5) 24... Rf7 $1 $10) 23. Qxc4 (23. Nxe6 $6 Re8 24.
Nxc7 Rc8 25. Qxc4+ Nd5 26. Qb5 $16) 23... Bd5 $1 (23... Nd5 24. Nxe6 N7b6 25.
Qd3 Rf6 (25... Re8 26. Nf4 Nxb4 27. Qxf5 Nc2 28. Rd1 Ne3 $17) 26. Nf4 Nxb4 27.
Qc3 Rf7 (27... Nc2 $1 28. Rd1 (28. Qxc7 $5 Nxe1 29. Qxb6 Qc6 30. Qb3+ Kh7 31.
Be3 $44) 28... Ne3 29. Bxe3 $2 (29. Rd3 $10) 29... Qxd1 30. Qxc7 Qb3 $1 31. Bc1
Nd5 32. Qd8+ Kh7 $17) 28. Be3 $1 N6d5 29. Nxd5 Nxd5 30. Qd2 Nxe3 $10 {1/2-1/2
Alterman,B-Adams,M/Erevan olm 1996 (37)}) 24. Qxc7 Qxb4 25. Rd1 Qb6 $10) (12...
a5 13. b3 Nc6 14. Bb2 Ne7 15. Rfd1 Qe8 16. h3 (16. Bf1 f4 17. d5 fxg3 18. hxg3
exd5 19. cxd5 Nexd5 20. Qc4 c6 21. Bxf6 b5 22. Qd4 Nxf6 $17 {0-1 Mozetic,
D-Drasko,M/JUG-ch 1995 (35)}) 16... h6 {1/2-1/2 Kiriakov,P-Savon,V/Pardubice
op 1995}) 13. b4 (13. Ne1 d6 14. b3 Nbd7 15. Bb2 e5 16. dxe5 Nxe5 17. Nd3 Nxd3
18. Bxe4 Nf4 19. Bd5+ N4xd5 20. cxd5 Qf7 21. Rfd1 Rae8 22. Qc4 f4 23. Qxf4 Rxe2
24. Bxf6 Qxf6 25. Qxf6 Rxf6 $15 {0-1 Harestad,H-Ibragimov,I/EUCup Gr3 1996 (43)
}) (13. Nd2 Bxg2 14. Kxg2 Ne4 15. Qe3 Qg6 16. Nxe4 fxe4 17. Qg5 Qxg5 18. Bxg5
d6 19. f3 exf3+ 20. Rxf3 $14 {1/2-1/2 Varga,P-Anka,E/Mediflora GM 1995 (43)})
13... d6 14. Bb2 (14. a4 a5 15. b5 Nbd7 16. Ba3 Qh5 17. c5 Nd5 18. Qc4 N7f6 19.
cxd6 cxd6 20. Rac1 Rad8 21. Qb3 f4 22. Rc6 fxg3 23. hxg3 Ng4 24. Rfc1 Bxf3 25.
exf3 Qh2+ 26. Kf1 Nde3+ 27. Ke2 Qxg2 28. Qxe6+ Kh8 29. fxg4 Rxf2+ 30. Kd3 Rf3
31. Rc8 Nxg4+ {0-1 Amura,C-Sorokin,M/Buenos Aires op 1996}) 14... Nbd7 15. d5 (
15. Rac1 a5 16. b5 Qh5 17. Qd2 Rae8 18. a4 Ba8 19. Rcd1 Kh8 20. Bc1 e5 21. Qc2
Be4 22. Qc3 exd4 23. Nxd4 Bxg2 24. Kxg2 Ne4 25. Qc2 Ne5 $11 {0-1 Savchenko,
S-Zelcic,R/Nova Gorica op 1997 (40)}) (15. Ne1 Bxg2 16. Nxg2 e5 17. dxe5 dxe5
18. Rad1 Qe6 19. f3 Rae8 20. Rd2 Rf7 21. Rfd1 $14 {1-0 Rabinovich,A-Shishkov,A/
EU-chJM 1997 (37)}) 15... e5 16. Ng5 Bxg2 17. Kxg2 Ne4 18. Nxe4 fxe4 19. f3 Qg6
(19... Qh5 20. Qe3 exf3+ 21. exf3 Rf6 22. Rf2 Raf8 23. Raf1 g5 24. Bc1 h6 25.
Qe4 Qg6 26. h4 Qxe4 27. fxe4 g4 $11 {1/2-1/2 Kahn,E-Horvath,C/Spring op 1996 
(33)}) 20. Rac1 a5 21. Qb3 axb4 22. axb4 Rf5 23. Ra1 Raf8 24. Qe3 Rf4 25. Rac1
exf3+ 26. exf3 b5 27. cxb5 Rxb4 28. Ba3 Rxb5 29. Rxc7 Nf6 30. Rc6 Nxd5 31. Qd2
Nf4+ 32. Kh1 Rd5 33. Qc1 Nh5 34. Qc4 Qe6 35. Bxd6 Nxg3+ 36. hxg3 Qh3+ 37. Kg1
Qxg3+ 38. Kh1 Qh3+ {1/2-1/2 Touzane,O-Zelcic,R/18th Mitropa Cup, Portoroz SLO
1998}) 12. Bf4 Be4 13. Qd2 d6 14. b4 Nc6 15. Rac1 h6 16. c5 $5 {Giving up the
d5 square. I am not sure that this is the right plan.} Rd8 17. cxd6 cxd6 18.
Qb2 Ne7 19. Rc7 Rd7 20. Rxd7 Qxd7 21. Rc1 Ned5 $15 {Virovlansky,S-Ibragimov,I/
Niznij Novgorod/1998}) 11... Be4 12. Qb3 Nc6 13. Bb2 a6 $1 {Black intends to
fight for ther d5 square by b6-b5 - a typical plan in such positions.} 14. Rc1
(14. a4 a5 $1 15. b5 Nb4 $132) 14... b5 $1 15. O-O Qe7 $11 16. Rfe1 Rfb8 17.
cxb5 Rxb5 (17... axb5 $5 {Golod,V} 18. Ne5 $140 Bxg2 19. Kxg2 Nxe5 20. dxe5 Nd5
{[%csl Gd5]}) 18. Rc5 Rb7 (18... d6 $5 {[%cal Ga6a5] Golod,V}) 19. Ng5 $1 Bxg2
(19... a5 {Golod,V} 20. Bxe4 (20. b5 $5) 20... Nxe4 (20... fxe4 21. Nxe6 Qxe6
22. Qxe6+ dxe6 23. Rxc6 axb4 24. axb4 Rxb4 25. Bc3 $14 {[%csl Rc7,Re6]}) 21.
Nxe4 fxe4 22. b5 $14) 20. Kxg2 Qd6 $1 (20... Kh8 $2 21. Nxe6 $1 $16) (20... h6
$2 {Golod,V} 21. Nxe6) (20... a5 {Golod,V} 21. Nxe6 (21. b5 $5 Qd6 22. Qf3 $14)
21... Qxe6 22. Qxe6+ dxe6 23. Rxc6 axb4 24. axb4 Rxb4 25. Bc3 Rb3 26. Bd2 $14 {
[%csl Rc7,Re6]}) 21. Rxf5 (21. Qf3 $3 {[%cal Gg5e6,Gd4d5] Golod,V} Rab8 (21...
Rb6 $2 22. d5 $1 exd5 (22... Nxd5 $2 23. Qh5 $18) 23. Bxf6 $1 gxf6 (23... Qxf6
24. Qxd5+ $18) 24. Rxd5 Qe7 (24... Qf8 25. Nxh7 $1 $18) 25. Qxf5 $1 $18) (21...
Nd8 22. d5 $1 a5 (22... Nxd5 $2 23. Qh5 h6 24. Qg6 $18) 23. dxe6 dxe6 (23...
axb4 24. Bxf6 $1 $18) 24. Be5 Qd2 25. Nxe6 $1 Qxe1 26. Nxd8 $16) (21... a5 22.
d5 exd5 $2 (22... Nxd5 $2 23. Qh5 $18) 23. Bxf6 $1 gxf6 24. Rxd5 Qe7 25. Qxf5
$1 $18) 22. Nxe6 $1 Qxe6 (22... Nxb4 $2 23. Nxg7 $1 Kxg7 24. axb4 $18 {[%csl
Rf5,Rg7]}) 23. d5 Nxd5 24. Qxd5 $1 Ne7 25. Qxe6+ dxe6 26. Be5 $16 {[%cal Ge1c1]
}) 21... Nxd4 (21... Nxb4 $2 {Golod,V} 22. axb4 (22. Rc5 $2 Rab8 $1) 22... Rxb4
23. Qf3 $1 {[%cal Gf3a8]} Rf8 24. Rxf6 $1 Rxf6 (24... gxf6 25. Ne4 Qd5 26. Ba3
$18) 25. Qh5 h6 26. Ne4 Qc6 $140 27. d5 $1 $18) 22. Bxd4 Qxd4 23. Rd1 Qg4 (
23... Qxd1 $2 {Golod,V} 24. Qxd1 exf5 25. Qb3+ $1 d5 26. Qc2 $1 $16 {[%cal
Gc2f5,Gc2c6,Gc6e6]}) (23... Qb6 $5 {[%cal Ga6a5,Gc7c5] Golod,V}) 24. Re5 Rb5
$11 25. h3 Qh5 26. Qf3 (26. Nxe6 $2 {Golod,V} Qxe5 27. Nxc7+ d5 28. Nxa8 Rb8
$19) (26. Rxb5 {Golod,V} axb5 27. Nf3 $11) 26... Qxf3+ (26... Rxe5 $143 $6 {
Golod,V} 27. Qxa8+ Qe8 28. Qxe8+ Nxe8 29. Nf3 Rd5 (29... Rxe2 $2 30. Rxd7) 30.
Rxd5 exd5 31. Ne5 Nf6 32. Kf3 $14) (26... Qe8 {Golod,V} 27. Qc3 $5 Nd5 $140 28.
Rdxd5 $1 Rxd5 29. Rxd5 exd5 30. Qd3 $1 $36 {[%cal Gd3h7,Gd3d5]}) 27. Nxf3 Kf8
1/2-1/2

[Event "RUS-Cup03 Geller Memorial"]
[Site "Moscow"]
[Date "1999.02.10"]
[Round "9"]
[White "Popov, Valerij"]
[Black "Iliushkin, Evgeny"]
[Result "0-1"]
[WhiteElo "2582"]
[BlackElo "2405"]
[Annotator "Hecht,H"]
[PlyCount "80"]
[EventDate "1999.02.10"]
[EventType "swiss"]
[EventRounds "9"]
[EventCountry "RUS"]
[SourceTitle "CBM 070"]
[Source "ChessBase"]
[SourceDate "1999.06.08"]
[SourceVersion "1"]
[SourceVersionDate "1999.06.08"]
[SourceQuality "1"]

1. d4 e6 2. c4 f5 3. Nc3 Nf6 4. Nf3 Bb4 5. Qc2 b6 6. a3 Bxc3+ 7. Qxc3 Bb7 8. g3
d6 9. Bg2 Qe7 10. O-O Nbd7 11. b4 O-O 12. Bb2 c5 13. Rfd1 Rac8 14. dxc5 bxc5
15. Qd3 Ne8 16. Ne1 Ndf6 17. b5 Be4 18. Qd2 e5 19. Bxe4 fxe4 20. f3 Rd8 21. Ng2
Nc7 22. Ne3 exf3 23. exf3 Qf7 24. Rf1 Ne6 25. Rad1 Nd4 26. f4 Qh5 27. Qg2 exf4
28. gxf4 Rde8 29. Rde1 Re7 30. Bxd4 cxd4 31. Nd5 Rxe1 32. Rxe1 Nxd5 33. Qxd5+
Qxd5 34. cxd5 Rxf4 {[#] abgeschnittener weißer König} 35. Ra1 (35. Rf1 $142 Re4
36. Rb1 d3 37. Kf2) 35... Kf7 36. a4 Kf6 37. a5 Ke5 38. b6 axb6 39. axb6 Rf8
40. Rc1 d3 0-1

[Event "RUS-ch51"]
[Site "St Petersburg"]
[Date "1998.07.28"]
[Round "1"]
[White "Ivanov, Sergey"]
[Black "Tiviakov, Sergei"]
[Result "1-0"]
[WhiteElo "2550"]
[BlackElo "2655"]
[Annotator "Hecht,H"]
[PlyCount "99"]
[EventDate "1998.07.28"]
[EventType "swiss"]
[EventRounds "11"]
[EventCountry "RUS"]
[SourceTitle "CBM 067"]
[Source "ChessBase"]
[SourceDate "1998.11.30"]
[SourceVersion "2"]
[SourceVersionDate "1998.11.01"]
[SourceQuality "1"]

1. d4 Nf6 2. c4 e6 3. Nc3 Bb4 4. Qc2 O-O 5. a3 Bxc3+ 6. Qxc3 b6 7. Bg5 Bb7 8.
e3 d6 9. f3 c5 10. dxc5 dxc5 11. Rd1 Qe7 12. Nh3 Nbd7 13. Be2 e5 14. O-O Rfe8
15. Rd2 Nf8 16. Rfd1 h6 17. Bh4 Ne4 18. Bxe7 Nxc3 19. bxc3 Rxe7 20. Nf2 Bc6 21.
Bd3 Rd7 22. Be4 Rxd2 23. Rxd2 Bxe4 24. Nxe4 f6 {Vielleicht zu passiv. Mein
Vorschlag lautet f5:} (24... f5 $5 25. Nd6 Rd8 26. Rd5 g6 27. Nb5 (27. f4 $2
exf4 28. exf4 Ne6 29. g3 Nc7) (27. e4 $5 fxe4 (27... f4 28. g3 $16) 28. fxe4 (
28. Nxe4 Rxd5 29. cxd5 Kf7 30. c4 $14) 28... a6 29. Nb7 Rd7 30. Nd8 b5 $13)
27... Rd7 28. Rxd7 (28. Rxe5 a6 $19) 28... Nxd7 29. Nxa7 {mit guten
Remischancen trotz des Minusbauern wegen der schlechten weißen Bauernstruktur
am Damenflügel.}) 25. g4 Ne6 26. Kf2 Rd8 27. Rd5 Kf8 28. h4 Ke7 (28... Ke8 29.
Nd6+ Ke7 30. Nf5+ Ke8 {[%csl Rg7,Rh6]}) 29. Ng3 g6 30. h5 $1 Kf7 31. Ke2 gxh5
32. gxh5 Rg8 $6 {Ich hätte den Übergang ins Springerendspiel gewählt:} (32...
Rxd5 $5 33. cxd5 Ng7 34. e4 (34. c4 f5 35. f4 e4 $11) 34... c4 35. Ke3 b5 36.
f4 Ke7 37. fxe5 fxe5 38. Kf3 a5 39. Kg4 Kd6 {wegen der Möglichkeit b4 kommt
Weiß nicht weiter}) 33. Kf2 Ng5 34. Rd7+ Ke6 35. Rxa7 f5 36. Rb7 Nh3+ 37. Kg2
f4 38. Rxb6+ Kf7 39. Rg6 $18 Rd8 40. Kxh3 fxg3 41. Kxg3 Rd3 42. e4 Rxc3 43. Kg4
Rxc4 44. Kf5 Rc3 45. Rf6+ Kg7 46. Kxe5 Rxa3 47. f4 c4 48. Rg6+ Kh7 49. Rc6 c3
50. f5 1-0

[Event "SWE-ch"]
[Site "Skara"]
[Date "2002.07.05"]
[Round "6"]
[White "Eriksson, Johan"]
[Black "Agrest, Evgenij"]
[Result "0-1"]
[WhiteElo "2426"]
[BlackElo "2584"]
[Annotator "Hecht,H"]
[PlyCount "132"]
[EventDate "2002.06.30"]
[EventType "tourn"]
[EventRounds "13"]
[EventCountry "SWE"]
[EventCategory "9"]
[SourceTitle "CBM 091"]
[Source "ChessBase"]
[SourceDate "2002.11.12"]
[SourceVersion "1"]
[SourceVersionDate "2002.11.12"]
[SourceQuality "1"]

1. d4 e6 2. c4 Nf6 3. Nc3 Bb4 4. Qc2 d6 5. Bg5 Nbd7 6. e3 c5 7. Bd3 Qa5 8. Nf3
Bxc3+ 9. bxc3 cxd4 10. exd4 Qc7 11. O-O b6 12. Rfe1 O-O 13. Bf4 Bb7 14. Qe2
Rfe8 15. Rad1 Rad8 16. Bg5 Rc8 17. Bf4 e5 18. dxe5 Bxf3 19. Qxf3 Nxe5 20. Qh3
Nxd3 21. Rxe8+ Nxe8 22. Qxd3 Qxc4 23. Qxc4 Rxc4 24. Bxd6 Rxc3 25. Bb8 a6 26. g3
Rc8 27. Bf4 b5 28. Rd7 h6 29. h4 Rc6 30. Kg2 h5 31. Rd8 Re6 32. Rb8 Kh7 33. a4
bxa4 34. Rb4 Nf6 35. Rxa4 {[#] Die Leichtfiguren heben sich in ihrer Wirkung
auf, wobei der Springer bei bauernarmer Stellung kaum Stützpunkte hat,
insbesondere nicht in der Nähe des Freibauern.} Kg6 36. Ra5 Ne4 37. Be3 f6 38.
Kf3 Nc3 39. Rc5 Nb5 40. Kf4 Rd6 41. g4 hxg4 42. Kxg4 Kf7 43. Rc8 (43. h5 $142 {
und die logische Konsequenz von 41.g4}) 43... Rd1 {Es folgt eine längere
Lavierphase, in der Weiß schwindlig gespielt wird und der Bh4 fällt.} 44. Rb8
Rg1+ 45. Kf4 Kg6 46. Ra8 Ra1 47. Kg4 Rg1+ 48. Kf3 Ra1 49. Kg4 Ra4+ 50. Kh3 Nd6
51. Bc5 Nf5 52. Rh8 Rc4 53. Bb6 Rc6 54. Ba5 Rc2 55. Bb6 $2 (55. Kg2 $142) 55...
Rb2 56. Bc5 Rb5 $1 57. Rc8 Rb3+ {[%csl Rh4]} 58. Kg4 Nh6+ 59. Kf4 Rh3 60. Ra8
Rxh4+ 61. Kf3 Ra4 62. Ra7 Nf7 63. Kg2 Ng5 64. Bf8 Ne6 65. Bd6 Kf5 66. Bg3 g5
0-1